Sor Teresa de Los Andes: La primera en los altares

-д хадгалсан:
Номзүйн дэлгэрэнгүй
Үндсэн зохиолч: Ginés Ortega, Jesús (Зохиогч)
Формат: Ном
Хэл сонгох:испани
Хэвлэсэн: Santiago Don Bosco 1998
Santiago Salesiana 1998
Хэвлэл:5a. ed
Цуврал:Héroes de nuestro tiempo, 65
Нөхцлүүд:
Шошгууд: Шошго нэмэх
Шошго байхгүй, Энэхүү баримтыг шошголох эхний хүн болох!

MARC

LEADER 00000nam a2200000 a 4500
001 UCH4290
003 CL-VaPUC
008 090818e19980000cl |||||||||||||||||spa|d
020 |a 956180218X 
082 0 4 |a 922.22  |b GIN  |2 21 
100 |a Ginés Ortega, Jesús  |e author  |9 579005 
245 1 0 |a Sor Teresa de Los Andes: La primera en los altares 
250 |a 5a. ed 
300 |a 37 p 
942 |c BK 
945 |d 20090818 00:00:00  |a ccalabra 
260 |a Santiago  |b Don Bosco  |c 1998 
260 |a Santiago  |b Salesiana  |c 1998 
650 0 |a Catolicismo  |9 258690 
650 0 |a Iglesia Católica  |9 256114 
650 0 |a Personajes  |9 329683 
650 0 |a Biografías  |9 255210 
650 7 |a CANONIZACION  |2 CL-VaPUC  |9 258734 
650 7 |a SANTUARIOS  |2 CL-VaPUC  |9 267802 
651 7 |a CHILE  |2 CL-VaPUC  |9 539765 
583 |a last modification  |c 20171010 11:51:28  |k Rodrigo Vera 
490 0 |a Héroes de nuestro tiempo, 65 
999 |c 335622  |d 335620